[Event "FIN-ch 2019"]
[Site "Helsinki"]
[Date "2019.06.15"]
[Round "6.5"]
[White "Ristoja, Samu"]
[Black "Luukkonen, Tommi"]
[Result "1/2-1/2"]
[WhiteElo "2197"]
[BlackElo "2330"]
[Annotator "NA"]
[PlyCount "103"]
[EventDate "2019.06.10"]
[EventType "swiss"]
[EventCountry "FIN"]
[SourceTitle "playchess.com"]
[Source "ChessBase"]
[SourceQuality "1"]
[TimeControl "40/5400+30:1800+30"]

1. e4 {[%emt 0:00:00]} c5 {[%emt 0:00:00]} 2. Nf3 {[%emt 0:00:00]} d6 {[%emt 0:00:05]} 3. Bb5+ {[%emt 0:00:00]} Nd7 {[%emt 0:00:07]} 4. O-O {[%emt 0:00:06]} Ngf6 {[%emt 0:00:05]} 5. Re1 {[%emt 0:00:09]} a6 {[%emt 0:00:06]} 6. Bf1 {[%emt 0:00:30]} b6 {[%emt 0:00:08]} 7. d4 {[%emt 0:00:31]} cxd4 {[%emt 0:00:09]} 8. Nxd4 {[%emt 0:00:06]} Bb7 {[%emt 0:00:05]} 9. f3 {[%emt 0:00:15]} e6 {[%emt 0:00:32]} 10. c4 {[%emt 0:00:44]} Be7 {[%emt 0:00:07]} 11. Nc3 {[%emt 0:00:35]} O-O {[%emt 0:00:05]} 12. Be3 {[%emt 0:03:54]} Rc8 {[%emt 0:00:35]} 13. Qd2 {[%emt 0:02:30]} Ne5 {[%emt 0:00:58]} 14. b3 {[%emt 0:06:35]} Qc7 {[%emt 0:00:46]} 15. Na4 {[%emt 0:03:08]} Nfd7 {[%emt 0:01:24]} 16. Qf2 {[%emt 0:03:40]} Nc5 {[%emt 0:01:05]} 17. Nb2 {[%emt 0:01:22]} Kh8 {[%emt 0:05:49]} 18. Rac1 {[%emt 0:04:40]} g5 {[%emt 0:00:43]} 19. h3 {[%emt 0:08:34]} Rg8 {[%emt 0:02:01]} 20. b4 {[%emt 0:10:52]} Ncd7 {[%emt 0:00:14]} 21. Ne2 {[%emt 0:08:11]} Rg6 {[%emt 0:06:42]} 22. Bd4 {[%emt 0:15:11]} Kg8 {[%emt 0:01:44]} 23. f4 {[%emt 0:06:23]} gxf4 {[%emt 0:00:23]} 24. Kh1 {[%emt 0:02:13]} Nf6 {[%emt 0:01:49]} 25. Nxf4 {[%emt 0:01:02]} Nxe4 {[%emt 0:00:15]} 26. Rxe4 {[%emt 0:01:11]} Bxe4 {[%emt 0:00:08]} 27. Nxg6 {[%emt 0:01:49]} fxg6 {[%emt 0:05:43]} 28. Bxb6 {[%emt 0:06:02]} Qb7 {[%emt 0:00:12]} 29. c5 {[%emt 0:04:32]} dxc5 {[%emt 0:03:53]} 30. Bxc5 {[%emt 0:01:01]} Nd7 {[%emt 0:06:24]} 31. Nd3 {[%emt 0:03:24]} Rf8 {[%emt 0:11:13]} 32. Qe2 {[%emt 0:01:34]} Nf6 {[%emt 0:05:21]} 33. Bxe7 {[%emt 0:00:19]} Qxe7 {[%emt 0:00:08]} 34. Nc5 {[%emt 0:00:12]} Bd5 {[%emt 0:00:11]} 35. Qe5 {[%emt 0:00:51]} a5 {[%emt 0:05:06]} 36. a3 {[%emt 0:01:10]} axb4 {[%emt 0:03:19]} 37. axb4 {[%emt 0:00:01]} Ne8 {[%emt 0:01:01]} 38. Bc4 {[%emt 0:02:29]} Rf5 {[%emt 0:03:02]} 39. Qe2 {[%emt 0:01:58]} Qg5 {[%emt 0:00:19]} 40. Nd3 {[%emt 0:01:32]} Re5 {[%emt 0:09:49]} 41. Nxe5 {[%emt 0:06:56]} Qxc1+ {[%emt 0:00:08]} 42. Qf1 {[%emt 0:03:13]} Qxf1+ {[%emt 0:00:14]} 43. Bxf1 {[%emt 0:00:01]} Nd6 {[%emt 0:02:03]} 44. Kg1 {[%emt 0:02:05]} Kg7 {[%emt 0:02:09]} 45. Bd3 {[%emt 0:01:11]} Kf6 {[%emt 0:00:24]} 46. Nd7+ {[%emt 0:00:22]} Ke7 {[%emt 0:01:14]} 47. Ne5 {[%emt 0:00:19]} Nf5 {[%emt 0:00:49]} 48. g4 {[%emt 0:01:50]} Nd4 {[%emt 0:02:55]} 49. Kf2 {[%emt 0:04:05]} Kd6 {[%emt 0:03:59]} 50. Nf7+ {[%emt 0:00:13]} Ke7 {[%emt 0:00:08]} 51. Ng5 {[%emt 0:15:59]} h6 52. Ne4 1/2-1/2

[Event "FIN-ch 2019"]
[Site "Helsinki"]
[Date "2019.06.15"]
[Round "6.6"]
[White "Norri, Joose"]
[Black "Tiitta, Sauli"]
[Result "1-0"]
[WhiteElo "2271"]
[BlackElo "2214"]
[Annotator "NA"]
[PlyCount "97"]
[EventDate "2019.06.10"]
[EventType "swiss"]
[EventCountry "FIN"]
[SourceTitle "playchess.com"]
[Source "ChessBase"]
[SourceQuality "1"]
[TimeControl "40/5400+30:1800+30"]

1. c4 a6 2. g3 e6 3. Bg2 d5 4. Na3 {[%emt 1:32:00]} Nf6 {[%emt 1:32:00]} 5. b3 {[%emt 0:00:30]} c5 {[%emt 0:00:30]} 6. Nf3 {[%emt 0:00:30]} Nc6 {[%emt 0:00:30]} 7. O-O {[%emt 0:00:30]} Bd6 {[%emt 0:00:30]} 8. Bb2 {[%emt 0:00:30]} O-O {[%emt 0:00:30]} 9. Nc2 {[%emt 0:00:30]} d4 {[%emt 0:00:30]} 10. d3 {[%emt 0:00:30]} e5 {[%emt 0:00:30]} 11. a3 {[%emt 0:00:30]} Re8 {[%emt 0:00:30]} 12. e3 {[%emt 0:00:30]} dxe3 {[%emt 0:00:30]} 13. fxe3 {[%emt 0:00:30]} Bg4 {[%emt 0:00:30]} 14. e4 {[%emt 0:00:30]} Nd4 {[%emt 0:00:30]} 15. Ne3 {[%emt 0:00:30]} Bh5 {[%emt 0:00:30]} 16. h3 {[%emt 0:00:30]} Bxf3 {[%emt 0:00:30]} 17. Bxf3 {[%emt 0:00:30]} Qb6 {[%emt 0:00:30]} 18. Rb1 {[%emt 0:00:30]} Qxb3 {[%emt 0:00:30]} 19. Qxb3 {[%emt 0:00:30]} Nxb3 {[%emt 0:00:30]} 20. Nf5 {[%emt 0:00:30]} Bb8 {[%emt 0:00:30]} 21. Bc3 {[%emt 0:00:30]} Nd4 {[%emt 0:00:30]} 22. Bxd4 {[%emt 0:00:30]} exd4 {[%emt 0:00:30]} 23. Rxb7 {[%emt 0:00:30]} Kf8 {[%emt 0:00:30]} 24. g4 {[%emt 0:00:30]} Ra7 {[%emt 0:00:30]} 25. Rxa7 {[%emt 0:00:30]} Bxa7 {[%emt 0:00:30]} 26. Nd6 {[%emt 0:00:30]} Re6 {[%emt 0:00:30]} 27. g5 {[%emt 0:00:30]} Nd7 {[%emt 0:00:30]} 28. Nc8 {[%emt 0:00:30]} Rc6 {[%emt 0:00:30]} 29. Nxa7 {[%emt 0:00:30]} Rc7 {[%emt 0:00:30]} 30. Nb5 {[%emt 0:00:30]} axb5 {[%emt 0:00:30]} 31. cxb5 Ne5 {[%emt 0:00:30]} 32. Be2 {[%emt 0:01:00]} c4 {[%emt 0:00:30]} 33. dxc4 {[%emt 0:00:30]} d3 {[%emt 0:00:30]} 34. Bd1 {[%emt 0:00:30]} Rxc4 {[%emt 0:00:30]} 35. b6 {[%emt 0:00:30]} Rxe4 {[%emt 0:00:30]} 36. Bb3 {[%emt 0:00:30]} d2 {[%emt 0:00:30]} 37. b7 {[%emt 0:00:30]} Nc6 {[%emt 0:00:30]} 38. Rxf7+ {[%emt 0:00:30]} Ke8 {[%emt 0:00:30]} 39. Rc7 {[%emt 0:00:30]} Re7 {[%emt 0:00:30]} 40. Rxc6 {[%emt 0:00:30]} Rxb7 {[%emt 0:00:30]} 41. Ba4 {[%emt 0:30:30]} Ke7 {[%emt 0:30:30]} 42. Kf2 {[%emt 0:00:30]} Ra7 {[%emt 0:00:30]} 43. Bd1 {[%emt 0:00:30]} Rxa3 {[%emt 0:00:30]} 44. h4 {[%emt 0:00:30]} Ra1 {[%emt 0:00:30]} 45. Ke2 {[%emt 0:00:30]} Rc1 {[%emt 0:00:30]} 46. Rc2 {[%emt 0:00:30]} Rxc2 {[%emt 0:00:30]} 47. Bxc2 Kf7 {[%emt 0:00:30]} 48. Bxh7 {[%emt 0:01:00]} g6 {[%emt 0:00:30]} 49. Bxg6+ {[%emt 0:00:30]} 1-0

[Event "FIN-ch 2019"]
[Site "Helsinki"]
[Date "2019.06.15"]
[Round "6.7"]
[White "Lindholm, Jere"]
[Black "Jarvenpaa, Jari"]
[Result "1-0"]
[WhiteElo "2145"]
[BlackElo "2204"]
[Annotator "NA"]
[PlyCount "107"]
[EventDate "2019.06.10"]
[EventType "swiss"]
[EventCountry "FIN"]
[SourceTitle "playchess.com"]
[Source "ChessBase"]
[SourceQuality "1"]
[TimeControl "40/5400+30:1800+30"]

1. e4 {[%emt 0:00:00]} c5 {[%emt 0:00:14]} 2. Nf3 {[%emt 0:00:00]} Nc6 {[%emt 0:00:13]} 3. d4 {[%emt 0:00:00]} cxd4 {[%emt 0:00:10]} 4. Nxd4 {[%emt 0:00:00]} e5 {[%emt 0:00:11]} 5. Nb5 {[%emt 0:00:00]} d6 {[%emt 0:00:05]} 6. N1c3 {[%emt 0:00:00]} a6 {[%emt 0:00:10]} 7. Na3 {[%emt 0:00:04]} Be6 {[%emt 0:00:07]} 8. Nc4 {[%emt 0:00:04]} b5 {[%emt 0:00:26]} 9. Ne3 {[%emt 0:00:04]} Nf6 {[%emt 0:00:12]} 10. g3 {[%emt 0:00:27]} h5 {[%emt 0:00:23]} 11. h4 {[%emt 0:03:17]} g6 {[%emt 0:00:31]} 12. Bg2 {[%emt 0:00:04]} Bh6 {[%emt 0:01:06]} 13. Ncd5 {[%emt 0:01:35]} Nd4 {[%emt 0:14:33]} 14. Nxf6+ {[%emt 0:09:21]} Qxf6 {[%emt 0:00:02]} 15. O-O {[%emt 0:00:11]} Qd8 {[%emt 0:03:42]} 16. c3 {[%emt 0:07:42]} Nc6 {[%emt 0:01:44]} 17. a4 {[%emt 0:00:05]} b4 {[%emt 0:06:48]} 18. Nd5 {[%emt 0:01:43]} Bxc1 {[%emt 0:01:42]} 19. Rxc1 {[%emt 0:00:11]} bxc3 {[%emt 0:02:19]} 20. Rxc3 {[%emt 0:00:29]} Bxd5 {[%emt 0:00:47]} 21. Qxd5 {[%emt 0:01:53]} Nd4 {[%emt 0:00:42]} 22. Rc4 {[%emt 0:05:27]} O-O {[%emt 0:02:21]} 23. f4 {[%emt 0:15:20]} Qb6 {[%emt 0:12:04]} 24. Kh2 {[%emt 0:01:09]} Qxb2 {[%emt 0:17:22]} 25. fxe5 {[%emt 0:00:27]} dxe5 {[%emt 0:02:16]} 26. Rc7 {[%emt 0:00:41]} Qb3 {[%emt 0:12:39]} 27. Qxe5 {[%emt 0:15:06]} Rad8 {[%emt 0:03:33]} 28. Qf6 {[%emt 0:01:48]} Qe6 {[%emt 0:04:51]} 29. Qg5 {[%emt 0:09:21]} Qd6 {[%emt 0:03:31]} 30. Rb7 {[%emt 0:00:44]} Rde8 {[%emt 0:03:09]} 31. Qd5 {[%emt 0:16:00]} Qxd5 {[%emt 0:02:23]} 32. exd5 {[%emt 0:00:02]} Nf5 {[%emt 0:01:06]} 33. Rf2 {[%emt 0:04:48]} Ne3 {[%emt 0:01:46]} 34. Rd2 {[%emt 0:01:37]} Rd8 {[%emt 0:01:54]} 35. d6 {[%emt 0:05:21]} Nc4 {[%emt 0:00:17]} 36. Rd4 {[%emt 0:00:57]} Nxd6 {[%emt 0:00:27]} 37. Ra7 {[%emt 0:00:12]} Nf5 {[%emt 0:00:18]} 38. Rxd8 {[%emt 0:00:38]} Rxd8 {[%emt 0:00:01]} 39. Rxa6 {[%emt 0:00:10]} Ne3 {[%emt 0:01:49]} 40. Ra8 {[%emt 0:00:49]} Rxa8 {[%emt 0:00:25]} 41. Bxa8 {[%emt 0:30:05]} Nc4 {[%emt 0:30:38]} 42. Bd5 {[%emt 0:00:07]} Nb6 {[%emt 0:00:00]} 43. Bb3 {[%emt 0:00:00]} Kf8 {[%emt 0:00:00]} 44. a5 {[%emt 0:00:00]} Nc8 {[%emt 0:00:00]} 45. Kg2 {[%emt 0:00:00]} Ke7 {[%emt 0:00:00]} 46. Kf3 {[%emt 0:00:00]} f6 {[%emt 0:00:00]} 47. Kf4 {[%emt 0:00:00]} Kd6 {[%emt 0:00:00]} 48. Bf7 {[%emt 0:00:00]} Ne7 {[%emt 0:00:00]} 49. Bxg6 {[%emt 0:00:00]} Nxg6+ {[%emt 0:00:00]} 50. Kf5 {[%emt 0:00:00]} Nf8 {[%emt 0:00:00]} 51. Kxf6 {[%emt 0:00:00]} Kc6 {[%emt 0:00:00]} 52. Kg5 {[%emt 0:00:00]} Kb5 {[%emt 0:00:00]} 53. Kxh5 {[%emt 0:00:00]} Kxa5 {[%emt 0:00:00]} 54. g4 {[%emt 0:00:00]} 1-0

[Event "FIN-ch 2019"]
[Site "Helsinki"]
[Date "2019.06.16"]
[Round "7.1"]
[White "Keinanen, Toivo"]
[Black "Norri, Joose"]
[Result "1-0"]
[WhiteElo "2370"]
[BlackElo "2271"]
[Annotator "NA"]
[PlyCount "71"]
[EventDate "2019.06.10"]
[EventType "swiss"]
[EventCountry "FIN"]
[SourceTitle "playchess.com"]
[Source "ChessBase"]
[SourceQuality "1"]
[TimeControl "40/5400+30:1800+30"]

1. d4 {[%emt 0:00:00]} Nf6 {[%emt 0:00:00]} 2. c4 {[%emt 0:00:11]} c5 {[%emt 0:02:10]} 3. Nf3 {[%emt 0:00:31]} cxd4 {[%emt 0:00:09]} 4. Nxd4 {[%emt 0:00:30]} e6 {[%emt 0:01:28]} 5. g3 {[%emt 0:03:01]} Qc7 {[%emt 0:03:14]} 6. b3 {[%emt 0:06:38]} Bb4+ {[%emt 0:09:33]} 7. Bd2 {[%emt 0:03:11]} Bc5 {[%emt 0:02:38]} 8. e3 {[%emt 0:07:20]} d5 {[%emt 0:03:52]} 9. Nb5 {[%emt 0:07:17]} Qe7 {[%emt 0:02:22]} 10. Bg2 {[%emt 0:08:17]} Nc6 {[%emt 0:07:11]} 11. O-O {[%emt 0:05:49]} O-O {[%emt 0:03:56]} 12. cxd5 {[%emt 0:07:01]} exd5 {[%emt 0:00:42]} 13. Bc3 {[%emt 0:01:39]} Rd8 {[%emt 0:04:41]} 14. Nd4 {[%emt 0:04:07]} Bg4 {[%emt 0:10:28]} 15. Nxc6 {[%emt 0:01:03]} bxc6 {[%emt 0:00:06]} 16. Qc1 {[%emt 0:05:01]} Ne4 {[%emt 0:05:23]} 17. Bd4 {[%emt 0:03:32]} Bxd4 {[%emt 0:02:16]} 18. exd4 {[%emt 0:00:02]} Qf6 {[%emt 0:00:16]} 19. Nd2 {[%emt 0:01:05]} Ng5 {[%emt 0:16:44]} 20. h4 {[%emt 0:07:13]} Ne6 {[%emt 0:00:46]} 21. Qxc6 {[%emt 0:00:38]} Rac8 {[%emt 0:03:16]} 22. Qa6 {[%emt 0:00:14]} Rc2 {[%emt 0:02:30]} 23. Qa5 {[%emt 0:06:44]} Qxd4 {[%emt 0:03:19]} 24. Nf3 {[%emt 0:02:15]} Qf6 {[%emt 0:08:36]} 25. Ng5 {[%emt 0:06:35]} Be2 {[%emt 0:01:07]} 26. Rfc1 {[%emt 0:05:09]} Rdc8 {[%emt 0:01:04]} 27. Re1 {[%emt 0:02:01]} Ba6 {[%emt 0:02:31]} 28. Nh3 {[%emt 0:00:47]} Nd4 {[%emt 0:00:36]} 29. Qxd5 {[%emt 0:01:12]} Ne2+ {[%emt 0:00:21]} 30. Kh2 {[%emt 0:00:55]} h6 {[%emt 0:00:36]} 31. Qe4 {[%emt 0:00:51]} Rb2 {[%emt 0:01:08]} 32. Qe3 {[%emt 0:02:00]} Rc7 {[%emt 0:00:29]} 33. Rad1 {[%emt 0:00:52]} Rxa2 {[%emt 0:00:48]} 34. Qe8+ {[%emt 0:01:09]} Kh7 {[%emt 0:00:02]} 35. Rd8 {[%emt 0:01:01]} Nxg3 {[%emt 0:01:28]} 36. h5 {[%emt 0:00:59]} 1-0

[Event "FIN-ch 2019"]
[Site "Helsinki"]
[Date "2019.06.16"]
[Round "7.2"]
[White "Nyysti, Sampsa"]
[Black "Koykka, Pekka"]
[Result "1/2-1/2"]
[WhiteElo "2320"]
[BlackElo "2399"]
[Annotator "NA"]
[PlyCount "86"]
[EventDate "2019.06.10"]
[EventType "swiss"]
[EventCountry "FIN"]
[SourceTitle "playchess.com"]
[Source "ChessBase"]
[SourceQuality "1"]
[TimeControl "40/5400+30:1800+30"]

1. e4 {[%emt 0:00:00]} e6 {[%emt 0:00:00]} 2. d4 {[%emt 0:00:00]} d5 {[%emt 0:00:00]} 3. Nc3 {[%emt 0:00:00]} Bb4 {[%emt 0:00:00]} 4. e5 {[%emt 0:00:00]} c5 {[%emt 0:00:00]} 5. a3 {[%emt 0:00:00]} Bxc3+ {[%emt 0:00:01]} 6. bxc3 {[%emt 0:00:02]} Ne7 {[%emt 0:00:06]} 7. Qg4 {[%emt 0:00:20]} cxd4 {[%emt 0:00:08]} 8. Bd3 {[%emt 0:00:09]} Qa5 {[%emt 0:00:09]} 9. Rb1 {[%emt 0:00:15]} Nd7 {[%emt 0:21:55]} 10. Nf3 {[%emt 0:00:29]} Qxc3+ {[%emt 0:09:11]} 11. Bd2 {[%emt 0:01:35]} Qc7 {[%emt 0:00:08]} 12. Qxg7 {[%emt 0:06:25]} Rg8 {[%emt 0:00:31]} 13. Qxh7 {[%emt 0:00:11]} Nxe5 {[%emt 0:07:26]} 14. Nxe5 {[%emt 0:00:15]} Qxe5+ {[%emt 0:00:21]} 15. Kf1 {[%emt 0:00:02]} Bd7 {[%emt 0:16:47]} 16. Rxb7 {[%emt 0:10:22]} Bc6 {[%emt 0:13:46]} 17. Rxe7+ {[%emt 0:25:30]} Kxe7 {[%emt 0:00:12]} 18. Bb4+ {[%emt 0:00:04]} Kf6 {[%emt 0:01:25]} 19. Qh6+ {[%emt 0:00:18]} Rg6 {[%emt 0:00:27]} 20. Bxg6 {[%emt 0:00:08]} fxg6 {[%emt 0:00:19]} 21. Qh7 {[%emt 0:00:42]} Re8 {[%emt 0:05:17]} 22. h4 {[%emt 0:02:06]} Qh5 {[%emt 0:05:27]} 23. Qxh5 {[%emt 0:02:56]} gxh5 {[%emt 0:00:02]} 24. Rh3 {[%emt 0:01:56]} Ba4 {[%emt 0:08:20]} 25. c3 {[%emt 0:13:43]} d3 {[%emt 0:00:59]} 26. Ke1 {[%emt 0:00:25]} Bc2 {[%emt 0:03:02]} 27. Rf3+ {[%emt 0:03:28]} Kg6 {[%emt 0:00:08]} 28. Rf8 {[%emt 0:02:06]} Rxf8 {[%emt 0:00:20]} 29. Bxf8 {[%emt 0:00:02]} Kf5 {[%emt 0:01:05]} 30. Kd2 {[%emt 0:01:29]} e5 {[%emt 0:00:24]} 31. Ke3 {[%emt 0:01:28]} Kg4 {[%emt 0:01:09]} 32. Be7 {[%emt 0:00:46]} e4 {[%emt 0:01:54]} 33. Bc5 {[%emt 0:04:56]} a6 {[%emt 0:00:06]} 34. g3 {[%emt 0:00:58]} Kf5 {[%emt 0:01:10]} 35. Kd2 {[%emt 0:00:36]} Ke6 {[%emt 0:00:12]} 36. Bb4 {[%emt 0:03:22]} Kd7 {[%emt 0:00:47]} 37. Bf8 {[%emt 0:00:07]} Bb3 {[%emt 0:01:02]} 38. Bb4 {[%emt 0:00:23]} Kc6 {[%emt 0:00:36]} 39. Bf8 {[%emt 0:00:11]} Kb5 {[%emt 0:00:14]} 40. Be7 {[%emt 0:00:26]} Kc4 {[%emt 0:00:40]} 41. Bf6 {[%emt 0:30:19]} Ba4 {[%emt 0:30:18]} 42. Bg7 {[%emt 0:00:17]} Kb3 {[%emt 0:04:06]} 43. Bf8 {[%emt 0:00:13]} Kc4 {[%emt 0:00:00]} 1/2-1/2

[Event "FIN-ch 2019"]
[Site "Helsinki"]
[Date "2019.06.16"]
[Round "7.3"]
[White "Sipila, Vilka"]
[Black "Lahdelma, Henri"]
[Result "0-1"]
[WhiteElo "2410"]
[BlackElo "2188"]
[Annotator "NA"]
[PlyCount "116"]
[EventDate "2019.06.10"]
[EventType "swiss"]
[EventCountry "FIN"]
[SourceTitle "playchess.com"]
[Source "ChessBase"]
[SourceQuality "1"]
[TimeControl "40/5400+30:1800+30"]

1. e4 {[%emt 0:00:00]} e6 {[%emt 0:00:00]} 2. d4 {[%emt 0:00:00]} d5 {[%emt 0:00:00]} 3. Nc3 {[%emt 0:00:00]} Nf6 {[%emt 0:00:00]} 4. e5 {[%emt 0:00:06]} Nfd7 {[%emt 0:00:00]} 5. f4 {[%emt 0:00:17]} c5 {[%emt 0:00:01]} 6. Nf3 {[%emt 0:00:08]} Nc6 {[%emt 0:00:04]} 7. Be3 {[%emt 0:00:09]} Be7 {[%emt 0:00:09]} 8. Qd2 {[%emt 0:00:11]} O-O {[%emt 0:00:06]} 9. dxc5 {[%emt 0:00:11]} Bxc5 {[%emt 0:00:07]} 10. O-O-O {[%emt 0:00:14]} Qa5 {[%emt 0:00:07]} 11. a3 {[%emt 0:00:09]} a6 {[%emt 0:00:08]} 12. Bxc5 {[%emt 0:00:12]} Nxc5 {[%emt 0:00:08]} 13. Qe3 {[%emt 0:00:08]} Qb6 {[%emt 0:00:06]} 14. Nd4 {[%emt 0:01:36]} Nxd4 {[%emt 0:00:28]} 15. Rxd4 {[%emt 0:00:07]} Qc7 {[%emt 0:05:41]} 16. h4 {[%emt 0:02:08]} Bd7 {[%emt 0:00:26]} 17. h5 {[%emt 0:00:51]} f5 {[%emt 0:01:54]} 18. exf6 {[%emt 0:00:56]} Rxf6 {[%emt 0:00:10]} 19. g3 {[%emt 0:06:28]} Rc8 {[%emt 0:01:07]} 20. Bd3 {[%emt 0:09:53]} b5 {[%emt 0:11:29]} 21. Rh2 {[%emt 0:03:47]} Nxd3+ {[%emt 0:01:39]} 22. Qxd3 {[%emt 0:03:19]} Be8 {[%emt 0:04:09]} 23. Qe3 {[%emt 0:03:57]} a5 {[%emt 0:03:10]} 24. f5 {[%emt 0:10:47]} b4 {[%emt 0:13:17]} 25. axb4 {[%emt 0:05:51]} e5 {[%emt 0:00:28]} 26. Rxd5 {[%emt 0:01:28]} axb4 {[%emt 0:00:06]} 27. Nd1 {[%emt 0:08:47]} Rxf5 {[%emt 0:10:43]} 28. g4 {[%emt 0:04:09]} Rf1 {[%emt 0:12:03]} 29. Qxe5 {[%emt 0:03:36]} Qxe5 {[%emt 0:06:55]} 30. Rxe5 {[%emt 0:00:13]} Bc6 {[%emt 0:10:28]} 31. Rf2 {[%emt 0:02:32]} Rg1 {[%emt 0:00:29]} 32. Rc5 {[%emt 0:01:03]} Rd8 {[%emt 0:00:42]} 33. Rd2 {[%emt 0:00:05]} Ra8 {[%emt 0:00:07]} 34. Kb1 {[%emt 0:03:40]} Bf3 {[%emt 0:00:11]} 35. Rcd5 {[%emt 0:00:05]} Bxd5 {[%emt 0:00:10]} 36. Rxd5 {[%emt 0:00:02]} Rxg4 {[%emt 0:00:21]} 37. b3 {[%emt 0:01:14]} Rc8 {[%emt 0:01:35]} 38. Ne3 {[%emt 0:00:28]} Re4 {[%emt 0:01:52]} 39. Nc4 {[%emt 0:01:52]} Rb8 {[%emt 0:01:58]} 40. Ne5 {[%emt 0:01:43]} Re8 {[%emt 0:04:33]} 41. Nc4 {[%emt 0:32:31]} g6 {[%emt 0:33:57]} 42. hxg6 {[%emt 0:00:50]} hxg6 {[%emt 0:00:05]} 43. Rb5 {[%emt 0:01:30]} Kh7 {[%emt 0:00:47]} 44. Kb2 {[%emt 0:04:45]} R8e7 {[%emt 0:01:45]} 45. Rxb4 {[%emt 0:05:01]} g5 {[%emt 0:00:05]} 46. Rb5 {[%emt 0:02:50]} g4 {[%emt 0:00:23]} 47. Nd6 {[%emt 0:00:40]} R4e5 {[%emt 0:00:55]} 48. Rb4 {[%emt 0:00:14]} g3 {[%emt 0:00:24]} 49. Rh4+ {[%emt 0:03:11]} Kg8 {[%emt 0:00:18]} 50. Rh1 {[%emt 0:00:42]} g2 {[%emt 0:02:27]} 51. Rg1 {[%emt 0:00:09]} Rg7 {[%emt 0:00:07]} 52. Nc4 {[%emt 0:01:04]} Re2 {[%emt 0:01:08]} 53. Kc3 {[%emt 0:01:01]} Rg3+ {[%emt 0:03:12]} 54. Kd4 {[%emt 0:00:22]} Rxc2 {[%emt 0:01:27]} 55. Ke4 {[%emt 0:01:42]} Rf2 {[%emt 0:00:51]} 56. Rd1 {[%emt 0:03:21]} Rf1 {[%emt 0:01:15]} 57. Rd5 {[%emt 0:00:19]} g1=Q {[%emt 0:00:16]} 58. Ne5 {[%emt 0:00:08]} Qe3# {[%emt 0:02:31]} 0-1

[Event "FIN-ch 2019"]
[Site "Helsinki"]
[Date "2019.06.16"]
[Round "7.4"]
[White "Hokkanen, Petri"]
[Black "Ronka, Erik"]
[Result "1-0"]
[WhiteElo "2199"]
[BlackElo "2270"]
[Annotator "NA"]
[PlyCount "95"]
[EventDate "2019.06.10"]
[EventType "swiss"]
[EventCountry "FIN"]
[SourceTitle "playchess.com"]
[Source "ChessBase"]
[SourceQuality "1"]
[TimeControl "40/5400+30:1800+30"]

1. e4 {[%emt 1:30:30]} c6 {[%emt 1:30:30]} 2. d4 {[%emt 0:00:30]} d5 3. exd5 {[%emt 0:00:30]} cxd5 {[%emt 0:01:00]} 4. Bd3 {[%emt 0:00:30]} Nc6 {[%emt 0:00:30]} 5. c3 {[%emt 0:00:30]} Qc7 6. h3 {[%emt 0:00:30]} Nf6 {[%emt 0:01:00]} 7. Nf3 {[%emt 0:00:30]} g6 {[%emt 0:00:30]} 8. O-O {[%emt 0:00:30]} Bf5 {[%emt 0:00:30]} 9. Re1 {[%emt 0:00:30]} Bxd3 {[%emt 0:00:30]} 10. Qxd3 {[%emt 0:00:30]} Bg7 {[%emt 0:00:30]} 11. g3 {[%emt 0:00:30]} O-O {[%emt 0:00:30]} 12. Bf4 {[%emt 0:00:30]} Qd7 {[%emt 0:00:30]} 13. Kg2 {[%emt 0:00:30]} Nh5 {[%emt 0:00:30]} 14. Bc1 {[%emt 0:00:30]} Qd6 {[%emt 0:00:30]} 15. Qe3 {[%emt 0:00:30]} Rfe8 {[%emt 0:00:30]} 16. g4 {[%emt 0:00:30]} Nf6 {[%emt 0:00:30]} 17. Ne5 {[%emt 0:00:30]} Nd7 {[%emt 0:00:30]} 18. f4 {[%emt 0:00:30]} Nf8 {[%emt 0:00:30]} 19. Nd2 {[%emt 0:00:30]} f6 {[%emt 0:00:30]} 20. Nxc6 {[%emt 0:00:30]} bxc6 {[%emt 0:00:30]} 21. Nf3 {[%emt 0:00:30]} e6 {[%emt 0:00:30]} 22. Bd2 {[%emt 0:00:30]} Nd7 {[%emt 0:00:30]} 23. Qf2 {[%emt 0:00:30]} c5 {[%emt 0:00:30]} 24. Re2 {[%emt 0:00:30]} Rab8 {[%emt 0:00:30]} 25. b3 {[%emt 0:00:30]} cxd4 {[%emt 0:00:30]} 26. cxd4 {[%emt 0:00:30]} Qa6 {[%emt 0:00:30]} 27. Bc3 {[%emt 0:00:30]} Rbc8 {[%emt 0:00:30]} 28. Re3 {[%emt 0:00:30]} f5 {[%emt 0:00:30]} 29. g5 {[%emt 0:00:30]} Rc6 {[%emt 0:00:30]} 30. h4 {[%emt 0:00:30]} Rec8 {[%emt 0:00:30]} 31. Qd2 {[%emt 0:00:30]} R8c7 {[%emt 0:00:30]} 32. Kg3 {[%emt 0:00:30]} Qc8 {[%emt 0:00:30]} 33. Bb4 {[%emt 0:00:30]} Rc2 {[%emt 0:00:30]} 34. Qe1 {[%emt 0:00:30]} Rc1 {[%emt 0:00:30]} 35. Rxc1 {[%emt 0:00:30]} Rxc1 {[%emt 0:00:30]} 36. Rc3 {[%emt 0:00:30]} Rxc3 {[%emt 0:00:30]} 37. Qxe6+ {[%emt 0:00:30]} Kh8 {[%emt 0:00:30]} 38. Bxc3 {[%emt 0:00:30]} Nb6 {[%emt 0:00:30]} 39. Qe3 {[%emt 0:00:30]} Qc6 {[%emt 0:00:30]} 40. Bb4 {[%emt 0:00:30]} Nc8 {[%emt 0:00:30]} 41. Bc5 {[%emt 0:30:30]} h6 {[%emt 0:30:30]} 42. a4 {[%emt 0:00:30]} h5 {[%emt 0:00:30]} 43. b4 {[%emt 0:00:30]} Qxa4 {[%emt 0:00:30]} 44. Qe6 {[%emt 0:00:30]} Nb6 {[%emt 0:00:30]} 45. Qxg6 {[%emt 0:00:30]} Nd7 {[%emt 0:00:30]} 46. Qe8+ {[%emt 0:00:30]} Kh7 {[%emt 0:00:30]} 47. g6+ {[%emt 0:00:30]} Kh6 {[%emt 0:00:30]} 48. Be7 {[%emt 0:00:30]} 1-0